Experiencias desiguales: conflictos sociales y respuestas colectivas, siglo XIX

محفوظ في:
التفاصيل البيبلوغرافية
المؤلف الرئيسي: Nash, Mary (autora)
مؤلفون آخرون: Tavera, Susanna (autora)
التنسيق: كتاب
اللغة:الإسبانية
منشور في: Madrid, España Síntesis S.A 1995
سلاسل:Historia Universal Contemporánea, 5
الموضوعات:
الوسوم: إضافة وسم
لا توجد وسوم, كن أول من يضع وسما على هذه التسجيلة!

MARC

LEADER 00000cam a2200000 a 4500
001 UCE5829
003 CL-VaPUC
005 20250225120813.0
008 150312e19950000sp |||||||||||||||||spa|d
999 |c 358402  |d 358400 
020 |a 8477382158 
040 |c Pontificia Universidad Católica de Valparaíso 
082 0 4 |a 303.6 NAS 1995  |2 21 
100 |a Nash, Mary  |e autora  |9 317053 
245 1 0 |a Experiencias desiguales:  |b  conflictos sociales y respuestas colectivas, siglo XIX 
260 |a Madrid, España  |b Síntesis S.A  |c 1995 
300 |a 175 páginas 
490 0 |a Historia Universal Contemporánea,  |v  5 
583 |a last modification  |c 20150312 12:37:00  |k Rodrigo Vera 
650 0 |a Problemas sociales  |9 258537 
650 7 |a CONFLICTOS CIVILES  |2 CL-VaPUC  |9 476320 
650 0 |a Derechos humanos  |9 223025 
650 0 |a Condiciones de vida  |9 337437 
650 7 |a ORGANIZACION POLITICA  |2 CL-VaPUC  |9 257437 
650 0 |a Grupos sociales  |9 268887 
650 0 |a Historia universal  |9 266877 
700 |a Tavera, Susanna  |e autora  |9 872513 
942 |c BK  |2 ddc 
945 |d 20150312 12:37:00  |a cmena 
952 |0 0  |1 0  |2 ddc  |3 erb  |4 0  |6 303_600000000000000_NAS_1995  |7 0  |8 A  |9 467083  |a BIBHIS  |b BIBHIS  |i 5140293  |o 303.6 NAS 1995  |p 5140293  |r 2025-01-20  |t 1  |w 2019-11-23  |y BK  |z Catalogado en:20150312  |k HIS